• 首页
  • 本馆介绍
  • 公告通知
  • 最新文献
  • 馆藏检索
  • 电子资源
  • 读者导购
  • 参考咨询
  • 我的图书馆
  • 登录
  • 详细信息显示
  • 放入我的书架
  • 预约/预借图书
  • 作者相关作品
  • 分类相关作品
  • 丛书相关作品
  • 出版社相关作品

书目信息

  • 表格格式
  • 工作单格式
  • 卡片格式
题名:
实用淋巴系统解剖学
    
 
作者: 王云祥 编
分册:  
出版信息: 北京   人民卫生出版社  1984
页数: 292页
开本: 21cm
丛书名:
单 册:
中图分类: R322.2
科图分类:
主题词: 人体形态学
电子资源:
ISBN:
000 00701nam0 2200253 45
001 0184009576
005 20040520143307.6
010    @b精装@dCNY1.80
091    @a14048.4412
100    @a19950510d1984 em y0chiy0121 ea
101 0  @achi
102    @aCN@b110000
105    @ay z 000yy
106    @ar
200 10 @a实用淋巴系统解剖学@Ashi yong lin ba xi tong jie pou xue@f王云祥编
210    @a北京@c人民卫生出版社@d1984
215    @a292页@d21cm
517 1  @a淋巴系统解剖学@Alin ba xi tong jie pou xue
606 0  @a人体形态学
690    @aR322.2
701  0 @a王云祥@Awang yun xiang@4编
801  0 @aCN@b上海图书馆@c20040520
801  2 @aCN@bNLC@c20040520
905    @f1@b117159@dR322.2@e16
    
    实用淋巴系统解剖学/王云祥编.-北京:人民卫生出版社,1984
    292页;21cm
    
    
    ISBN (精装):CNY1.80
    
●
相关链接 在E读中查询图书 在五车中查询图书 在当当中查询图书 在豆瓣中查询图书


正题名:实用淋巴系统解剖学     索取号:R322.2/16         预约/预借

序号 登录号 条形码 馆藏地/架位号 状态 备注
1 0117159   000708773   密集书库/ [索取号:R322.2/16] 在馆    
2 0117160   000708755   第二样本阅览室/ [索取号:R322.2/16] 在馆    
唐山师范学院图书馆 欢迎您!
大连网信软件有限公司© 版权所有